000 00459cam a22002054a 4500
005 20250605164303.0
008 250528s ||||||||||||||||||||||||d
035 _a22172
020 _a9780552996198
040 _aGR-AtMCL
_bgre
_dGR-AtMCL
_eAACR2
245 1 _aHUMAN CROQUET
250 _a1
260 _c1998
300 _a382
700 1 _aAtkinson Kate
_98037
700 1 _aBlack Swan
_97230
942 _cBK
999 _c7228
_d7228